Countries with wild ice bears - Statistics

General Stats
  • This quiz has been taken 49 times
    31 since last reset
  • The average score is 6 of 6
Answer Stats
number of ice bears Country % Correct
18000 Canada
95%
3000 Norway
95%
Unknown Russia
95%
2500 USA
95%
2000 Denmark
91%
Unknown Iceland
82%
No matching quizzes found
Score Distribution
Percent of People with Each Score
Percentile by Number Answered
Your Score History
You have not taken this quiz since the last reset